000 01156cam a22002891i 4500
003 SA-RiAUC
005 20241004144936.0
008 240926s1968 iq g b 00000bara c
040 _aOM-MuSQU
_bara
_cSA-RiAUC
_erda
050 4 _bA23 1968
082 0 4 _a922.2
_qSA-RiAUC
090 _a922.2
_bع ب د ح
100 1 _aعبد الحميد، محسن،
_d1937-
_eمؤلف.
245 1 0 _aالآلوسي :
_bمفسرا /
_cمحسن عبد الحميد.
264 1 _a[مكان النشر غير محدد] :
_b[الناشر غير محدد]،
_c1968
264 3 _aبغداد :
_bمطبعة المعارف
300 _a372 صفحة ؛
_c24 سم
336 _aنص
_btxt
_2rdacontent
_3كتاب
337 _aبدون وسيط
_bn
_2rdamedia
338 _aمجلد
_bnc
_2rdacarrier
500 _aالأصل أطروحة ماجستير.
504 _aببليوجرافية : صفحة 360-372.
600 1 7 _aالآلوسي الكبير، محمود بن عبد الله الحسيني،
_d1217-1270 هجري
_2aucnm
630 2 7 _aالقرآن
_xتفسير
_vتراجم
_2aucut
942 _2ddc
_cBOOK
_n0
949 _aSA-JeALM
_d240926
_umohamedma123
_n1
999 _c862
_d862